| 000 | 00804nam a2200169 i 4500 | ||
|---|---|---|---|
| 001 | 152344 | ||
| 003 | ES-MaACL | ||
| 005 | 20230906204642.0 | ||
| 008 | 931025s1881 sp a |||| | spa d | ||
| 100 | 1 |
_aBona y García de Tejada, Casimiro. _930050 |
|
| 245 | 1 | 0 |
_aMemoria sobre la explotacion de los robles por la Marina en la provincia de Santander y noticia acerca de las hayas de la misma provincia / _cpor Casimiro Bona y García de Tejada. |
| 260 |
_aMadrid : _b[s.n.], _c1881 ( _fImprenta de la Gaceta de los Caminos de Hierro) |
||
| 300 |
_a128 p. : _b[17] h. de lam. ; _c32 cm. |
||
| 597 | _aLas h. de lam. corresponden a un atlas de la memoria sobre la explotación de los robles. | ||
| 650 | 4 |
_aRecursos forestales- _zSantander (Provincia) _9136810 |
|
| 852 |
_aES-MaACL _jG-2221 _z-- Enc. hol. |
||
| 999 |
_c152344 _d152344 |
||